000 00733nam a2200253 i 4500
001 000037078
003 DO-SdBNP
005 20230613120452.0
007 ta
008 120210s19? dr ab 000 0 spa d
040 _aDO-SdBNP
_bspa
_cBNPHU
_erda
082 _axxx
_bG943
_222
100 _963493
245 1 0 _aGuía turística de la República Dominicana :
_b2002-2003
264 _aSanto Domingo :
_bCodetel,
_c[sin fecha]
300 _a89 p. :
_bil., map. ;
_c29 cm.
336 _2rdacontent
_atexto
_btxt
337 _2rdamedia
_asin mediación
_bn
338 _2rdacarrier
_avolumen
_bnc
590 _aInventariado, 2023 / DG
650 4 _aTurismo
_xGuías
_zRepública Dominicana
_982555
910 _aDG
942 _2ddc
_cLBS1
999 _c53797
_d53797